000 00298nam a22001217a 4500
020 _aNA
082 _222
_a338.52
100 _aFriedman David D,
245 _aPrice Theory /
260 _aSouth western Publising,
_bSouth western Publising,
_cc1990
300 _a627 p,;
_bNA
_c24cm.
942 _2ddc
_cGEN
999 _c1723
_d1723